Quantifying hazardous species in particulate matter derived from fossil-fuel combustion /
Saved in:
| Other Authors: | , , , |
|---|---|
| Format: | Article |
| Language: | English |
| Subjects: | |
| Tags: |
Add Tag
No Tags, Be the first to tag this record!
|
| Institutions: | Thư viện Trường Đại học Đà Lạt |
|---|
| LEADER | 01052nam a2200349 4500 | ||
|---|---|---|---|
| 001 | DLU090094531 | ||
| 005 | ##20091201 | ||
| 040 | # | # | |a DLU |b eng |
| 041 | # | # | |a eng |
| 044 | # | # | |a us |
| 245 | # | # | |a Quantifying hazardous species in particulate matter derived from fossil-fuel combustion / |c Frank E. Huggins ... [et al.]. |
| 653 | # | # | |a Air pollution |
| 653 | # | # | |a Combustion |
| 653 | # | # | |a Fine particle |
| 653 | # | # | |a Public health |
| 653 | # | # | |a Toxicity |
| 653 | # | # | |a X ray absorption spectrometry |
| 653 | # | # | |a XANES spectrometry |
| 700 | # | # | |a Huffman, Gerald P. |
| 700 | # | # | |a Huggins, Frank E. |
| 700 | # | # | |a Linak, William P. |
| 700 | # | # | |a Miller, C. Andrew. |
| 773 | # | # | |t Environmental Science & Technology |g Vol. 38, no. 6 (March 2004), p. 1836-1842 |
| 920 | # | # | |a Phòng Tạp chí -- Trung tâm Thông tin - Thư viện Trường Đại học Đà Lạt |
| 994 | # | # | |a DLU |
| 900 | # | # | |a True |
| 911 | # | # | |a Trương Bảo Trâm Anh |
| 925 | # | # | |a G |
| 926 | # | # | |a A |
| 927 | # | # | |a BB |
| 980 | # | # | |a Thư viện Trường Đại học Đà Lạt |